Sąsiedzi ZSRR w 1945 roku. - Statystyki

Ogólne statystyki
  • Ten quiz został rozwiązany 99 razy
    41 od ostatniego zresetowania
  • Średni wynik to 10 z 12
Statystyki odpowiedzi
Kontynent Państwa % Poprawnych
Europa Polska Rzeczpospolita Ludowa / PRL / Polska
100%
Azja Chiny
93%
Azja Mongolia
93%
Europa Finlandia
90%
Europa Rumunia
83%
Europa i Azja Turcja
83%
Azja Iran
80%
Azja Korea Północna
80%
Azja Afganistan
70%
Europa Czechosłowacja
70%
Europa Norwegia
70%
Europa Węgry
63%
Nie znaleziono quizów pasujących do podanych kryteriów
Rozkład punktacji
Procent ludzi z każdym wynikiem
Percentyl według liczby udzielonych odpowiedzi
Twoja historia wyników
Nie rozwiązałeś tego quizu od ostatniego zresetowania